Social Policy in Britain : (Record no. 619473)

MARC details
000 -LEADER
fixed length control field 00507nam a2200193 a 4500
008 - FIXED-LENGTH DATA ELEMENTS--GENERAL INFORMATION
fixed length control field 260416s2008##################000#0#eng##
020 ## - INTERNATIONAL STANDARD BOOK NUMBER
ISBN 9780230551589
082 04 - DEWEY DECIMAL CLASSIFICATION NUMBER
Classification number 361.610941
Item number ALC
100 1# - MAIN ENTRY--AUTHOR NAME
Personal name Alcock, Pete,
245 10 - TITLE STATEMENT
Title Social Policy in Britain :
260 ## - PUBLICATION, DISTRIBUTION, ETC. (IMPRINT)
Name of publisher Palgrave MacMillan,
Year of publication 2008.
300 ## - PHYSICAL DESCRIPTION
Number of Pages 350 pages
650 #0 - SUBJECT ADDED ENTRY--TOPICAL TERM
Topical Term Political Science.
942 ## - ADDED ENTRY ELEMENTS (KOHA)
Koha item type English Books
Holdings
Withdrawn status Lost status Damaged status Not for loan Home library Current library Shelving location Date acquired Full call number Accession Number Price effective from Koha item type
        Anna Centenary Library Anna Centenary Library 4TH FLOOR, A WING 16.04.2026 361.610941 ALC 305970 16.04.2026 English Books

Find us on the map